Ekonomická dynamika a rovnováha
Enregistré dans:
| Auteur principal: | |
|---|---|
| Format: | Livre |
| Langue: | slovaque |
| Publié: |
Bratislava
Epocha
1970
|
| Tags: |
Pas de tags, Soyez le premier à ajouter un tag!
|
MARC
| LEADER | 00000nam a2200000 4500 | ||
|---|---|---|---|
| 001 | c104635 | ||
| 005 | 20230116100406.8 | ||
| 041 | 0 | |a slo | |
| 044 | |a SK | ||
| 245 | 1 | 0 | |a Ekonomická dynamika a rovnováha |c Jozef Sojka |
| 264 | 1 | |a Bratislava |b Epocha |c 1970 | |
| 300 | |a 317 s. | ||
| 100 | 1 | |a Sojka, Jozef | |